Catalogue général du Musée arabe du Caire.

Saved in:

Corporate Author: Matḥaf al-Fann al-Islāmī (Cairo, Egypt)

Format: Book

Language: French

Published: Le Caire : Imprime de l'Institut Français d'Archéologie Orientale, 1932-1942.

Subjects:

Tags: Add Tag

No Tags, Be the first to tag this record!

Call Number: ( R )DT62 .S8 C3 v.1-10

LEADER 02504nam a22004571 4500
001 985
003 OSt
005 20200716083950.0
008 130303m19321942ua a e c 000 0 fre d
952 |0 0  |1 0  |2 lcc  |3 V.1  |4 0  |7 1  |9 3926  |a ARCE  |b ARCE  |d 2020-07-16  |l 0  |o ( R )DT62 .S8 C3 v.1-10  |p 1035321  |r 2020-07-16 00:00:00  |w 2020-07-16  |y BK 
952 |0 0  |1 0  |2 lcc  |3 V.2  |4 0  |7 1  |9 51266  |a ARCE  |b ARCE  |d 2023-10-25  |l 0  |o ( R )DT62 .S8 C3 v.1-10  |p 1035322  |r 2023-10-25 00:00:00  |w 2023-10-25  |y BK 
952 |0 0  |1 0  |2 lcc  |3 V.3  |4 0  |7 1  |9 51268  |a ARCE  |b ARCE  |d 2023-10-25  |l 0  |o ( R )DT62 .S8 C3 v.1-10  |p 1035323  |r 2023-10-25 00:00:00  |w 2023-10-25  |y BK 
952 |0 0  |1 0  |2 lcc  |3 V.4  |4 0  |7 1  |9 51269  |a ARCE  |b ARCE  |d 2023-10-25  |l 0  |o ( R )DT62 .S8 C3 v.1-10  |p 1035324  |r 2023-10-25 00:00:00  |w 2023-10-25  |y BK 
952 |0 0  |1 0  |2 lcc  |3 V.5  |4 0  |7 1  |9 51270  |a ARCE  |b ARCE  |d 2023-10-25  |l 0  |o ( R )DT62 .S8 C3 v.1-10  |p 1035325  |r 2023-10-25 00:00:00  |w 2023-10-25  |y BK 
952 |0 0  |1 0  |2 lcc  |3 V.6  |4 0  |7 1  |9 51271  |a ARCE  |b ARCE  |d 2023-10-25  |l 0  |o ( R )DT62 .S8 C3 v.1-10  |p 1035326  |r 2023-10-25 00:00:00  |w 2023-10-25  |y BK 
952 |0 0  |1 0  |2 lcc  |3 V.7  |4 0  |7 1  |9 51272  |a ARCE  |b ARCE  |d 2023-10-25  |l 0  |o ( R )DT62 .S8 C3 v.1-10  |p 1035327  |r 2023-10-25 00:00:00  |w 2023-10-25  |y BK 
952 |0 0  |1 0  |2 lcc  |3 V.8  |4 0  |7 1  |9 51273  |a ARCE  |b ARCE  |d 2023-10-25  |l 0  |o ( R )DT62 .S8 C3 v.1-10  |p 1035328  |r 2023-10-25 00:00:00  |w 2023-10-25  |y BK 
952 |0 0  |1 0  |2 lcc  |3 V.9  |4 0  |7 1  |9 51275  |a ARCE  |b ARCE  |d 2023-10-25  |l 0  |o ( R )DT62 .S8 C3 v.1-10  |p 1035329  |r 2023-10-25 00:00:00  |w 2023-10-25  |y BK 
952 |0 0  |1 0  |2 lcc  |3 V.10  |4 0  |7 1  |9 51276  |a ARCE  |b ARCE  |d 2023-10-25  |l 0  |o ( R )DT62 .S8 C3 v.1-10  |p 1035330  |r 2023-10-25 00:00:00  |w 2023-10-25  |y BK 
999 |c 7001  |d 7001 
035 |a tmp00540201 
040 |c ARCE Library 
050 0 4 |a ( R )DT62 .S8 C3 v.1-10 
110 2 |a Matḥaf al-Fann al-Islāmī (Cairo, Egypt), 
245 1 0 |a Catalogue général du Musée arabe du Caire. 
264 1 |a Le Caire :  |b Imprime de l'Institut Français d'Archéologie Orientale,  |c 1932-1942. 
300 |a 10 volumes :  |b illustrations ;  |c 35 cm. 
336 |a text  |b txt  |2 rdacontent 
337 |a unmediated  |b n  |2 rdamedia 
338 |a volume  |b nc  |2 rdacarrier 
650 0 |a Inscriptions, Arabic. 
650 0 |a Islamic decoration and ornament. 
650 0 |a Islamic wood-carving. 
901 |a reviewed 
902 |a 21-10-97 
907 |a .b10907555 
907 |a .b23726349  |b 02-05-08  |c 01-30-08 
942 |c BK  |2 lcc 
945 |g 1  |i mq42247  |l 1arce  |o z  |p $0.00  |q    |r    |s w  |t 0  |u 0  |v 0  |w 0  |x 0  |y .i32735376  |z 02-05-08 
998 |b 01-30-08  |c m  |d -  |i 1 
998 |b 1  |c 30-01-97  |d m